00226nam a2200097Ia 4500100002500000654001300025245003500038260003400073300000900107546001200116 aGupta/P.K& hira D.S  aresearch aProblems in operation research bS.Chand & coaNew Delhic1991 a1078 aENGLISH